| 000 | 00658nam a22002177a 4500 | ||
|---|---|---|---|
| 999 |
_c8403 _d8403 |
||
| 003 | GBCCL | ||
| 005 | 20241126110650.0 | ||
| 008 | 210210b ||||| |||| 00| 0 eng d | ||
| 020 | _a9788193900635 | ||
| 040 | _cGBC | ||
| 082 |
_a251 _bPIP |
||
| 100 |
_aPiper, John, _d1946- _eauthor _98858 |
||
| 245 |
_aExpository exultation : _bChristian preaching as worship / _cJohn Piper. |
||
| 260 |
_aBangalore : _bOmega book world, _c2019. |
||
| 300 |
_a328 pages ; _b24 cm |
||
| 504 | _aIncludes bibliographical references and index. | ||
| 600 |
_aJesus Christ _xExaltation. _914706 |
||
| 650 |
_aPreaching. _9404 |
||
| 650 |
_aWorship. _9444 |
||
| 942 |
_2ddc _cBK _03 |
||